000 00470nam a22001577a 4500
005 20240802123623.0
008 240802b |||||||| |||| 00| 0 eng d
041 _aEnglish/Afrikaans
082 _a349 SOU
100 _lEnglish/Afrikaans
245 _aSouth African Law Reports: Natal
260 _aJohannesburg:
_bDigma Publications,
_c1910
300 _blix, 466 pages;
_c25 cm.
650 _aLegal practice
_bLaw
942 _cBK
_6ALISON_BN_VRIES
999 _c2399
_d2399